Western literature in a world context
A two-volume anthology that places the Western literary tradition and its canon within a world context. Selections are divided into 6 major literary periods, with each period subdivided into Representative Texts, Western Texts, The World Context, and Background Texts.
Αποθηκεύτηκε σε:
| Μορφή: | Βιβλίο |
|---|---|
| Γλώσσα: | Undetermined |
| Έκδοση: |
New York
St. Martin's Press
1995
|
| Θέματα: | |
| Ετικέτες: |
Προσθήκη ετικέτας
Δεν υπάρχουν, Καταχωρήστε ετικέτα πρώτοι!
|
| Thư viện lưu trữ: | Trung tâm Học liệu Trường Đại học Cần Thơ |
|---|
| LEADER | 00832nam a2200205Ia 4500 | ||
|---|---|---|---|
| 001 | CTU_220260 | ||
| 008 | 210402s9999 xx 000 0 und d | ||
| 020 | |c 2.83 | ||
| 082 | |a 809 | ||
| 082 | |b W526/Vol.2 | ||
| 245 | 0 | |a Western literature in a world context | |
| 245 | 0 | |c Paul Davis ... [et al.] | |
| 260 | |a New York | ||
| 260 | |b St. Martin's Press | ||
| 260 | |c 1995 | ||
| 520 | |a A two-volume anthology that places the Western literary tradition and its canon within a world context. Selections are divided into 6 major literary periods, with each period subdivided into Representative Texts, Western Texts, The World Context, and Background Texts. | ||
| 650 | |a Văn học,Literature | ||
| 650 | |x Bộ sưu tập,Collections | ||
| 904 | |i Gia Linh,Hải | ||
| 980 | |a Trung tâm Học liệu Trường Đại học Cần Thơ | ||